Global economic prospects : realizing the development promise of the Doha Agenda (Record no. 7077)
[ view plain ]
| 000 -LEADER | |
|---|---|
| fixed length control field | 00619 a2200193 4500 |
| 020 ## - INTERNATIONAL STANDARD BOOK NUMBER | |
| International Standard Book Number | 0-8213-5582-1 |
| 040 ## - CATALOGING SOURCE | |
| Original cataloging agency | DLC |
| Language of cataloging | DLC |
| 245 10 - TITLE STATEMENT | |
| Title | Global economic prospects : realizing the development promise of the Doha Agenda |
| Number of part/section of a work | 2004 |
| 246 13 - VARYING FORM OF TITLE | |
| Title proper/short title | GEP (Herndon. Print). |
| 246 13 - VARYING FORM OF TITLE | |
| Title proper/short title | Global economic prospects (Print). |
| 260 ## - PUBLICATION, DISTRIBUTION, ETC. | |
| Place of publication, distribution, etc. | Herndon, Va. : |
| Name of publisher, distributor, etc. | World Bank, |
| Date of publication, distribution, etc. | 2003 |
| 300 ## - PHYSICAL DESCRIPTION | |
| Extent | xxxiii, 299 s. : |
| Other physical details | ill. |
| 650 #7 - SUBJECT ADDED ENTRY--TOPICAL TERM | |
| Topical term or geographic name entry element | International trade |
| 710 2# - ADDED ENTRY--CORPORATE NAME | |
| Corporate name or jurisdiction name as entry element | World Bank |
| 710 2# - ADDED ENTRY--CORPORATE NAME | |
| Corporate name or jurisdiction name as entry element | International Bank for Reconstruction and Development |
| 740 0# - ADDED ENTRY--UNCONTROLLED RELATED/ANALYTICAL TITLE | |
| Uncontrolled related/analytical title | GEP |
| 740 0# - ADDED ENTRY--UNCONTROLLED RELATED/ANALYTICAL TITLE | |
| Uncontrolled related/analytical title | Global economic prospects |
| 942 ## - ADDED ENTRY ELEMENTS (KOHA) | |
| Koha item type | Book |
| Call number prefix | 337.3 WOR |
| Source of classification or shelving scheme | |
| Withdrawn status | Lost status | Damaged status | Not for loan | Collection code | Permanent Location | Current Location | Shelving location | Date acquired | Source of acquisition | Cost, normal purchase price | Full call number | Barcode | Date last seen | Price effective from | Koha item type |
|---|---|---|---|---|---|---|---|---|---|---|---|---|---|---|---|
| Central Library (CL) | Central Library (CL) | General Stacks | 01/19/2004 | Donation | 0.00 | 337.3 WOR | SEECS004166 | 11/14/2012 | 01/05/2017 | Reference |
